Theory and structure in international political economy : an international organization reader (Record no. 77367)

MARC details
000 -LEADER
fixed length control field 00752nam a2200229Ia 4500
008 - FIXED-LENGTH DATA ELEMENTS--GENERAL INFORMATION
fixed length control field 191130s1999##################000#0#eng##
020 ## - INTERNATIONAL STANDARD BOOK NUMBER
ISBN 9780262621274
082 ## - DEWEY DECIMAL CLASSIFICATION NUMBER
Classification number 337 LIP
245 ## - TITLE STATEMENT
Title Theory and structure in international political economy : an international organization reader
Statement of responsibility, etc edited by Charles Lipson and Benjamin J. Cohen
260 ## - PUBLICATION, DISTRIBUTION, ETC. (IMPRINT)
Place of publication Cambridge, MA
Name of publisher MIT Press
Year of publication 1999
300 ## - PHYSICAL DESCRIPTION
Number of Pages 426 p. ; 24 cm.
500 ## - GENERAL NOTE
General note Includes bibliographical references
650 ## - SUBJECT ADDED ENTRY--TOPICAL TERM
Topical Term International economic relations
Topical Term International relations
700 ## - ADDED ENTRY--PERSONAL NAME
Personal name Cohen, Benjamin J
Personal name Lipson, Charles
991 ## -
-- 214301
Holdings
Withdrawn status Lost status Damaged status Not for loan Home library Current library Shelving location Date acquired Full call number Accession Number Price effective from Koha item type
        Anna Centenary Library Anna Centenary Library 4TH FLOOR, A WING 09.10.2020 337 LIP 462228 09.10.2020 English Books

Find us on the map